Bude tabuľový zákon návratom do c. k. monarchie? Druhý deň 26. schôdze NR SR v komornejšom tóne

Bibliographic Details
Main Author: (vur) (Author)
Format: Article
Language:Slovak
Subjects:

MARC

LEADER 00000nab a2200000 a 4500
001 vtls000506334
003 SK-MaSNL
005 20260304015814.0
008 120927c1994 xo 0 slo
015 |a SNBRB19rr/mm-uuuuu 
035 |a CL0506472 
040 |a SNKBUCL  |b slo  |c SNKBUCL  |e AACR2 
041 0 |a slo 
044 |a xo  |c SK 
080 |a 328.1(437.6)  |2 1981 
100 1 |a (vur)  |4 aut  |9 989849 
245 1 0 |a Bude tabuľový zákon návratom do c. k. monarchie?  |b Druhý deň 26. schôdze NR SR v komornejšom tóne  |c (vur) 
610 1 7 |a Slovensko.  |b Národná rada  |2 snkbucl  |9 165573 
655 7 |a články z novín a časopisov  |2 snkbucl  |9 267496 
773 0 |t Republika  |g Roč. 2, č. 22 (28. 1. 1994), s. 1 a 2 
850 |a Slovenská národná knižnica v Martine  |a MTA001 
852 |a SNK  |b KIS3GCP 
958 |a RK 
992 |a RBX 
999 |c 2594439  |d 2596369